Arbitration Act 1996 (Record no. 115720)

MARC details
000 -LEADER
fixed length control field 01131cam a22002775a 4500
001 - CONTROL NUMBER
control field L159177
008 - FIXED-LENGTH DATA ELEMENTS--GENERAL INFORMATION
fixed length control field 16022 s2014 xxk f 000 0 eng d
020 ## - INTERNATIONAL STANDARD BOOK NUMBER
International Standard Book Number 978161310233
035 ## - SYSTEM CONTROL NUMBER
System control number (Sirsi) u159177
041 0# - LANGUAGE CODE
Language code of text/sound track or separate title eng
050 04 - LIBRARY OF CONGRESS CALL NUMBER
Classification number 347.4109 $2 18
100 1# - MAIN ENTRY--PERSONAL NAME
Personal name Merkin, Robert
245 00 - TITLE STATEMENT
Title Arbitration Act 1996
250 ## - EDITION STATEMENT
Edition statement 5th ed.
260 ## - PUBLICATION, DISTRIBUTION, ETC.
Place of publication, distribution, etc. London
Name of publisher, distributor, etc. Informa Law
Date of publication, distribution, etc. 2014
300 ## - PHYSICAL DESCRIPTION
Extent xxxix, 565p.
Dimensions 25cm.
520 ## - SUMMARY, ETC.
Summary, etc. Provides indepth annotated coverage of the Arbitration Act 1996 including reference to case law throughout. Looks at the background to the 1996 Act, explains how the arbitration process works, looks at how general arbitration provision works outside of the Act and recognition and enforcement of foreign awards. Appendices include DAC Reports, UNCITRAL Model Law, CPR 62 and Practice Direction and New York Convention text and list of signatory states.
520 ## - SUMMARY, ETC.
Summary, etc. Supersedes the fourth edition.
521 ## - TARGET AUDIENCE NOTE
Target audience note Advanced
590 ## - LOCAL NOTE (RLIN)
Local note KA
650 24 - SUBJECT ADDED ENTRY--TOPICAL TERM
Topical term or geographic name entry element ARBITRATION ACT 1996
651 #4 - SUBJECT ADDED ENTRY--GEOGRAPHIC NAME
Geographic name England
Chronological subdivision 886-
690 ## - LOCAL SUBJECT ADDED ENTRY--TOPICAL TERM (OCLC, RLIN)
Topical term or geographic name as entry element Dispute resolution
9 (RLIN) 6236
700 1# - ADDED ENTRY--PERSONAL NAME
Personal name Flannery, Louis
942 ## - ADDED ENTRY ELEMENTS (KOHA)
Suppress in OPAC 0
Holdings
Withdrawn status Lost status Source of classification or shelving scheme Damaged status Not for loan Home library Current library Shelving location Date acquired Total Checkouts Full call number Barcode Date last seen Copy number Price effective from Koha item type
    Dewey Decimal Classification     London London Books 25/02/2016   347.4109 MER 30075265 06/08/2019 1 06/08/2019 Book